Équipe de ligue 1 2019-2025 - Statistiques

Statistiques générales
  • Ce quiz a été pris 181 fois
    90 depuis la dernière actualisation
  • Le résultat moyen est 23 sur 27
Statistiques - réponses
Dernière Saison
En ligue 1
Club % Correct
2024/2025 Lille
100%
2024/2025 Lens
97%
2024/2025 Marseille
97%
2024/2025 Paris
97%
2024/2025 Lyon
94%
2024/2025 Montpellier
92%
2024/2025 Saint Etienne
92%
2024/2025 Brest
90%
2024/2025 Nantes
88%
2024/2025 Nice
88%
2024/2025 Rennes
88%
2024/2025 Monaco
87%
2024/2025 Strasbourg
87%
2024/2025 Angers
86%
2023/2024 Metz
85%
2024/2025 Reims
85%
2024/2025 Toulouse
85%
2021/2022 Bordeaux
83%
2024/2025 Auxerre
82%
2023/2024 Lorient
82%
2024/2025 Le havre
79%
2022/2023 Ajaccio
73%
2023/2024 Clermont
64%
2020/2021 Nimes
64%
2022/2023 Troyes
64%
2019/2020 Amiens
63%
2020/2021 Dijon
63%
Aucun quiz correspondant
Distribution des résultats
% des personnes avec chaque résultat
Percentile par nombre de réponses
Votre historique - résultats
Vous n’avez pas pris ce quiz depuis la dernière actualisation